000 00584nam a22002057a 4500
005 20251108173643.0
008 250721s2002 xx 000 0 ara d
020 _a9953280088
082 1 4 _aم/ط/531.6/موس
100 1 _aقاضي، جورج
_eمترجم
245 1 0 _aموسوعة لاروس : الطاقة و المادة /
264 1 _aبيروت :
_bعوديات،
_c2002.
300 _a95ص
490 0 _aشبابنا
650 1 7 _aالطاقة
650 1 7 _aالمادة
653 _aناشئون كبار (15-18) سنة
942 _2ddc
_cREF
999 _c109145
_d109145